Wwe Divas - Statistics

General Stats
  • This quiz has been taken 397 times
  • The average score is 9 of 15
Answer Stats
Hint % Correct
one of the bella twins brie bella
96%
one of the bella twins nikki bella
95%
crazy chick ( 2013) AJ Lee
82%
glamazon Beth phoenix
81%
bret hart niece natalya
80%
married to undertaker michelle mccool
69%
use to be with fandango summer rae
67%
red head diva eva marie
64%
from france maryse
50%
diva legend trish stratus
48%
aj lee's bodyguard tamina snuka
45%
with fandango layla
44%
with santino emma
33%
another crazy chick mickie james
32%
use to date goldust askansa
1%
No matching quizzes found
Score Distribution
Percent of People with Each Score
Percentile by Number Answered
Your Score History
You have not taken this quiz